| 000 | 00663nam a22001815i 4500 | ||
|---|---|---|---|
| 001 | 54290 | ||
| 003 | ES-MaACL | ||
| 005 | 20250905063041.0 | ||
| 007 | t| | ||
| 008 | 960704s1878 sp ||||1| spa d | ||
| 040 |
_aCAM _bspa _cCAM |
||
| 100 | 1 |
_aCastro, Adolfo de, _d1823-1898 _936824 |
|
| 245 | 1 | 0 |
_a!Pobrecitos mios de mi alma! _b: jaculatoria edificante que dedica a los señores del Jurado Municipal de Cádiz con motivo de su defensa / _cun Jacinto Flores Estrada. |
| 260 |
_aCádiz : _b[s.n.], _c1878 ( _fImprenta de la Biblioteca Nacional Económica) |
||
| 300 |
_a14 p. ; _c22 cm. |
||
| 852 |
_aES-MaACL _jT-266-F-1 |
||
| 999 |
_c54290 _d54290 |
||